[Event "Bydgoszcz U18 op 30th"]
[Site "Bydgoszcz"]
[Date "2013.01.14"]
[Round "6.6"]
[White "Chalas, Dawid"]
[Black "Perenc, Pawel"]
[Result "1/2-1/2"]
[WhiteElo "1343"]
[BlackElo "1519"]
[PlyCount "72"]
[EventDate "2013.01.14"]
[EventType "swiss"]
[EventRounds "9"]
[EventCountry "POL"]
[SourceTitle "EXT 2023"]
[Source "ChessBase"]
[SourceDate "2022.10.05"]
[SourceVersion "1"]
[SourceVersionDate "2022.10.05"]
[SourceQuality "1"]

1. e4 e5 2. Nf3 Nc6 3. Bc4 d6 4. h3 Be6 5. Bb3 Nf6 6. Nc3 Bxb3 7. axb3 Be7 8. 0-0 0-0 9. d4 exd4 10. Nxd4 Nxd4 11. Qxd4 a6 12. Be3 Nd7 13. f4 Bf6 14. Qd3 Re8 15. Bd4 Bxd4+ 16. Qxd4 Nf6 17. Rf3 b5 18. Rg3 c5 19. Qd3 Qb6 20. Kh2 Qc6 21. Re3 b4 22. Nd5 Nxd5 23. exd5 Rxe3 24. dxc6 Rxd3 25. cxd3 Ra7 26. c7 Rxc7 27. Rxa6 Kf8 28. Rxd6 Ke7 29. Rd5 Rd7 30. Rxd7+ Kxd7 31. Kg3 f5 32. Kf3 Ke6 33. g4 g6 34. g5 Kd6 35. Ke3 Ke6 36. d4 Kd5 1/2-1/2